1981 1170 1973 1009 1475 1724 1551 1251 1232 1513 1035 1922 1519 1104 1263 1618 1250 1259 1160 1743 1831 1209 1334 1608 1457 1797 1799 1035 1002 1437 1442 1511 1844 1915 1038 1640 1123 1249 1309 1023 1980 1259 1539 1096 1434 1808 1589 1569 1088 1436 1140 1996 1925 1721 1103 1001 1565 1862 1555 1646 1491 1867 1772 1512 1919 1988 1024 1323 1229 1183 1789 1416 1445 1456 1234 1991 1556 1806 1291 1188 1266 1269 1159 1239 1637 1722 1608 1778 1415 1053 1336 1375 1900 1220 1498 1402 1584 1054 1263 BCNSPRNW ULIB Ver.6.0+V

เปลี่ยนเป็นภาษาไทย

Change to English
 แสดงรายละเอียดบรรณานุกรม
  กลับหน้าหลัก

Brief Record : Get Marc (ISO 2709) : E-mail record : QR code < ปิดหน้าต่าง
LEADER : 00000nam 2200000uu 4500
001    13399123427
003     ULIB
008    140915s2551||||th 000 0 tha d
099    วจWK810^bจ469พ
100 0  จินดาวรรณ เงารัศมี
245 00 พฤติกรรมการดูแลตนเองของผู้สูงอายุโรคเบาหวานที่ไม่สามารถควบคุมระดับน้ำตาลใในเลือดได้ ในเขตอำเภอเมือง จังหวัดพิษณุโลก
945    ^p0^l0^i026578
999    ^aเกษร โพธิ์สุวรรณ
รายการนี้ยังไม่มีแท็ก
คุณยังไม่ได้ล็อกอิน คุณสามารถมีกิจกรรมร่วมกับเว็บไซต์ได้ แต่ต้องล็อกอินก่อน ::
  ล็อกอิน

รายการสื่อสารสนเทศ

ลำดับที่ ประเภท เลขเรียก/บาร์โค้ด สถานที่ สถานะ
1. งานวิจัย
งานวิจัย
วจWK810 จ469พ ฉ.1 
  Barcode: 026578
ห้องสมุดวิทยาเขตสวรรค์ประชารักษ์
►วิจัย
บนชั้น

BibComment


ยังไม่เคยถูกคอมเมนท์

คอมเมนท์ทรัพยากรรายการนี้
  คอมเมนท์: พฤติกรรมการดูแลตน..


 Copyright 2026. Bcnsprnw @Library